Normal view
MARC view
- Kanter, Rosabeth Moss
Entry Personal Name
001 - CONTROL NUMBER
- control field: 14848
003 - CONTROL NUMBER IDENTIFIER
- control field: NUST
005 - DATE AND TIME OF LATEST TRANSACTION
- control field: 20190614102201.0
008 - FIXED-LENGTH DATA ELEMENTS
- fixed length control field: 190614|| aca||aabn | a|a d
040 ## - CATALOGING SOURCE
- Original cataloging agency: NUST
- Transcribing agency: NUST
100 ## - HEADING--PERSONAL NAME
- Personal name: Kanter, Rosabeth Moss
670 ## - SOURCE DATA FOUND
- Source citation: Work cat.: (NUST): Kanter, Rosabeth Moss, When giants learn to dance /, 1990.
